<?xml version="1.0" encoding="UTF-8"?>
<record
    xmlns:xsi="http://www.w3.org/2001/XMLSchema-instance"
    xsi:schemaLocation="http://www.loc.gov/MARC21/slim http://www.loc.gov/standards/marcxml/schema/MARC21slim.xsd"
    xmlns="http://www.loc.gov/MARC21/slim">

  <leader>01503cam a2200421 a 4500</leader>
  <controlfield tag="001">10165746</controlfield>
  <controlfield tag="003">OSt</controlfield>
  <controlfield tag="005">20150408114126.0</controlfield>
  <controlfield tag="006">m        d        </controlfield>
  <controlfield tag="007">cr zn|</controlfield>
  <controlfield tag="008">121208s2009    maua    ob    001 0 eng d</controlfield>
  <datafield tag="020" ind1=" " ind2=" ">
    <subfield code="z">9780262033848 (hardcover : alk. paper)</subfield>
  </datafield>
  <datafield tag="020" ind1=" " ind2=" ">
    <subfield code="z">0262033844 (hardcover : alk. paper)</subfield>
  </datafield>
  <datafield tag="020" ind1=" " ind2=" ">
    <subfield code="z">9780262533058 (pbk. : alk. paper)</subfield>
  </datafield>
  <datafield tag="020" ind1=" " ind2=" ">
    <subfield code="z">0262533057 (pbk. : alk. paper)</subfield>
  </datafield>
  <datafield tag="035" ind1=" " ind2=" ">
    <subfield code="a">(CtWfDGI)bks00049924</subfield>
  </datafield>
  <datafield tag="040" ind1=" " ind2=" ">
    <subfield code="a">ma_un</subfield>
    <subfield code="b">eng</subfield>
    <subfield code="c">CtWfDGI</subfield>
  </datafield>
  <datafield tag="050" ind1="1" ind2="4">
    <subfield code="a"> </subfield>
    <subfield code="b"> </subfield>
  </datafield>
  <datafield tag="082" ind1="0" ind2="4">
    <subfield code="a">005.1 IAI</subfield>
    <subfield code="2">23</subfield>
  </datafield>
  <datafield tag="245" ind1="0" ind2="0">
    <subfield code="a">Introduction to algorithms, third edition</subfield>
    <subfield code="h">[electronic resource] /</subfield>
    <subfield code="c">Thomas H. Cormen ... [et al.].</subfield>
  </datafield>
  <datafield tag="250" ind1=" " ind2=" ">
    <subfield code="a">3rd ed.</subfield>
  </datafield>
  <datafield tag="256" ind1=" " ind2=" ">
    <subfield code="a">Computer document.</subfield>
  </datafield>
  <datafield tag="260" ind1=" " ind2=" ">
    <subfield code="a">Cambridge, Mass. :</subfield>
    <subfield code="b">MIT Press,</subfield>
    <subfield code="c">c2009</subfield>
    <subfield code="e">(Norwood, Mass. :</subfield>
    <subfield code="f">Books24x7.com [generator])</subfield>
  </datafield>
  <datafield tag="500" ind1=" " ind2=" ">
    <subfield code="a">Title from title screen.</subfield>
  </datafield>
  <datafield tag="504" ind1=" " ind2=" ">
    <subfield code="a">Includes bibliographical references and index.</subfield>
  </datafield>
  <datafield tag="516" ind1=" " ind2=" ">
    <subfield code="a">Text.</subfield>
  </datafield>
  <datafield tag="530" ind1=" " ind2=" ">
    <subfield code="a">Available also in a print ed.</subfield>
  </datafield>
  <datafield tag="538" ind1=" " ind2=" ">
    <subfield code="a">Mode of access: Internet via World Wide Web.</subfield>
  </datafield>
  <datafield tag="550" ind1=" " ind2=" ">
    <subfield code="a">Digitized and made available by: Books24x7.com.</subfield>
  </datafield>
  <datafield tag="650" ind1=" " ind2="0">
    <subfield code="a">Computer programming.</subfield>
  </datafield>
  <datafield tag="650" ind1=" " ind2="0">
    <subfield code="a">Computer algorithms.</subfield>
    <subfield code="9">4769</subfield>
  </datafield>
  <datafield tag="655" ind1=" " ind2="7">
    <subfield code="a">Electronic books.</subfield>
    <subfield code="2">lcsh</subfield>
    <subfield code="9">4135</subfield>
  </datafield>
  <datafield tag="655" ind1=" " ind2="0">
    <subfield code="a">Electronic books.</subfield>
    <subfield code="9">4135</subfield>
  </datafield>
  <datafield tag="700" ind1="1" ind2=" ">
    <subfield code="a">Cormen, Thomas H.</subfield>
    <subfield code="4">aut</subfield>
    <subfield code="9">34283</subfield>
  </datafield>
  <datafield tag="710" ind1="2" ind2=" ">
    <subfield code="a">Books24x7, Inc.</subfield>
    <subfield code="9">17232</subfield>
  </datafield>
  <datafield tag="856" ind1="4" ind2="0">
    <subfield code="u">http://www.columbia.edu/cgi-bin/cul/resolve?clio10165746</subfield>
    <subfield code="z">Click here for full text.</subfield>
  </datafield>
  <datafield tag="942" ind1=" " ind2=" ">
    <subfield code="2">ddc</subfield>
    <subfield code="c">BOOK</subfield>
  </datafield>
  <datafield tag="999" ind1=" " ind2=" ">
    <subfield code="c">29019</subfield>
    <subfield code="d">263519</subfield>
  </datafield>
  <datafield tag="952" ind1=" " ind2=" ">
    <subfield code="1">0</subfield>
    <subfield code="2">2013-03-13</subfield>
    <subfield code="4">0</subfield>
    <subfield code="7">1</subfield>
    <subfield code="a">005.1 IAI</subfield>
    <subfield code="c">1</subfield>
    <subfield code="d">2013-03-13</subfield>
    <subfield code="h">CL</subfield>
    <subfield code="i">00304898</subfield>
    <subfield code="m">CL</subfield>
    <subfield code="r">2013-03-13 00:00:00</subfield>
    <subfield code="t">BOOK</subfield>
    <subfield code="w">ddc</subfield>
    <subfield code="y">0</subfield>
  </datafield>
  <datafield tag="952" ind1=" " ind2=" ">
    <subfield code="1">0</subfield>
    <subfield code="2">2013-03-14</subfield>
    <subfield code="4">0</subfield>
    <subfield code="7">0</subfield>
    <subfield code="a">005.1 IAI</subfield>
    <subfield code="c">2</subfield>
    <subfield code="d">2013-03-14</subfield>
    <subfield code="h">CL</subfield>
    <subfield code="i">00304918</subfield>
    <subfield code="m">CL</subfield>
    <subfield code="r">2013-03-14 00:00:00</subfield>
    <subfield code="t">BOOK</subfield>
    <subfield code="w">ddc</subfield>
    <subfield code="y">0</subfield>
  </datafield>
  <datafield tag="952" ind1=" " ind2=" ">
    <subfield code="1">0</subfield>
    <subfield code="2">2013-03-14</subfield>
    <subfield code="4">0</subfield>
    <subfield code="7">0</subfield>
    <subfield code="a">005.1 IAI</subfield>
    <subfield code="c">3</subfield>
    <subfield code="d">2013-03-14</subfield>
    <subfield code="h">CL</subfield>
    <subfield code="i">00304919</subfield>
    <subfield code="m">CL</subfield>
    <subfield code="r">2013-03-14 00:00:00</subfield>
    <subfield code="t">BOOK</subfield>
    <subfield code="w">ddc</subfield>
    <subfield code="y">0</subfield>
  </datafield>
  <datafield tag="952" ind1=" " ind2=" ">
    <subfield code="1">0</subfield>
    <subfield code="2">2013-03-14</subfield>
    <subfield code="4">0</subfield>
    <subfield code="7">1</subfield>
    <subfield code="a">005.1 IAI</subfield>
    <subfield code="c">1</subfield>
    <subfield code="d">2013-03-14</subfield>
    <subfield code="h">EMF</subfield>
    <subfield code="i">00304920</subfield>
    <subfield code="m">EMF</subfield>
    <subfield code="r">2013-03-14 00:00:00</subfield>
    <subfield code="t">BOOK</subfield>
    <subfield code="w">ddc</subfield>
    <subfield code="y">0</subfield>
  </datafield>
  <datafield tag="952" ind1=" " ind2=" ">
    <subfield code="1">0</subfield>
    <subfield code="2">2013-03-14</subfield>
    <subfield code="4">0</subfield>
    <subfield code="7">0</subfield>
    <subfield code="a">005.1 IAI</subfield>
    <subfield code="c">2</subfield>
    <subfield code="d">2013-03-14</subfield>
    <subfield code="h">EMF</subfield>
    <subfield code="i">00304921</subfield>
    <subfield code="m">EMF</subfield>
    <subfield code="r">2013-03-14 00:00:00</subfield>
    <subfield code="t">BOOK</subfield>
    <subfield code="w">ddc</subfield>
    <subfield code="y">0</subfield>
  </datafield>
  <datafield tag="952" ind1=" " ind2=" ">
    <subfield code="1">0</subfield>
    <subfield code="2">2013-03-14</subfield>
    <subfield code="4">0</subfield>
    <subfield code="7">1</subfield>
    <subfield code="a">005.1 IAI</subfield>
    <subfield code="c">1</subfield>
    <subfield code="d">2013-03-14</subfield>
    <subfield code="h">EZF</subfield>
    <subfield code="i">00304922</subfield>
    <subfield code="m">EZF</subfield>
    <subfield code="q">2015-01-28</subfield>
    <subfield code="r">2015-05-04 00:00:00</subfield>
    <subfield code="t">BOOK</subfield>
    <subfield code="w">ddc</subfield>
    <subfield code="y">2</subfield>
  </datafield>
  <datafield tag="952" ind1=" " ind2=" ">
    <subfield code="1">0</subfield>
    <subfield code="2">2013-03-14</subfield>
    <subfield code="4">0</subfield>
    <subfield code="7">0</subfield>
    <subfield code="a">005.1 IAI</subfield>
    <subfield code="c">2</subfield>
    <subfield code="d">2013-03-14</subfield>
    <subfield code="h">EZF</subfield>
    <subfield code="i">00304923</subfield>
    <subfield code="m">EZF</subfield>
    <subfield code="q">2014-09-03</subfield>
    <subfield code="r">2014-12-31 00:00:00</subfield>
    <subfield code="t">BOOK</subfield>
    <subfield code="w">ddc</subfield>
    <subfield code="y">3</subfield>
  </datafield>
  <datafield tag="952" ind1=" " ind2=" ">
    <subfield code="1">0</subfield>
    <subfield code="2">2013-03-14</subfield>
    <subfield code="4">0</subfield>
    <subfield code="7">1</subfield>
    <subfield code="a">005.1 IAI</subfield>
    <subfield code="c">1</subfield>
    <subfield code="d">2013-03-14</subfield>
    <subfield code="h">IC</subfield>
    <subfield code="i">00304924</subfield>
    <subfield code="m">IC</subfield>
    <subfield code="r">2013-03-14 00:00:00</subfield>
    <subfield code="t">BOOK</subfield>
    <subfield code="w">ddc</subfield>
    <subfield code="y">0</subfield>
  </datafield>
  <datafield tag="952" ind1=" " ind2=" ">
    <subfield code="1">0</subfield>
    <subfield code="2">2013-03-14</subfield>
    <subfield code="4">0</subfield>
    <subfield code="7">0</subfield>
    <subfield code="a">005.1 IAI</subfield>
    <subfield code="c">2</subfield>
    <subfield code="d">2013-03-14</subfield>
    <subfield code="h">IC</subfield>
    <subfield code="i">00304925</subfield>
    <subfield code="m">IC</subfield>
    <subfield code="r">2013-03-14 00:00:00</subfield>
    <subfield code="t">BOOK</subfield>
    <subfield code="w">ddc</subfield>
    <subfield code="y">0</subfield>
  </datafield>
  <datafield tag="952" ind1=" " ind2=" ">
    <subfield code="1">0</subfield>
    <subfield code="2">2013-03-14</subfield>
    <subfield code="4">0</subfield>
    <subfield code="7">0</subfield>
    <subfield code="a">005.1 IAI</subfield>
    <subfield code="c">2</subfield>
    <subfield code="d">2013-03-14</subfield>
    <subfield code="h">CL</subfield>
    <subfield code="m">CL</subfield>
    <subfield code="r">2013-03-14 00:00:00</subfield>
    <subfield code="t">BOOK</subfield>
    <subfield code="w">ddc</subfield>
    <subfield code="y">0</subfield>
  </datafield>
  <datafield tag="952" ind1=" " ind2=" ">
    <subfield code="1">0</subfield>
    <subfield code="2">2013-11-12</subfield>
    <subfield code="4">0</subfield>
    <subfield code="7">0</subfield>
    <subfield code="a">005.1 IAI</subfield>
    <subfield code="d">2013-11-12</subfield>
    <subfield code="h">CL</subfield>
    <subfield code="i">00651105</subfield>
    <subfield code="m">CL</subfield>
    <subfield code="o">1</subfield>
    <subfield code="q">2017-03-22</subfield>
    <subfield code="r">2017-05-14 00:00:00</subfield>
    <subfield code="t">BOOK</subfield>
    <subfield code="w">ddc</subfield>
    <subfield code="y">2</subfield>
  </datafield>
  <datafield tag="952" ind1=" " ind2=" ">
    <subfield code="1">0</subfield>
    <subfield code="2">2013-11-12</subfield>
    <subfield code="4">0</subfield>
    <subfield code="7">0</subfield>
    <subfield code="a">005.1 IAI</subfield>
    <subfield code="d">2013-11-12</subfield>
    <subfield code="h">CL</subfield>
    <subfield code="i">00651106</subfield>
    <subfield code="m">CL</subfield>
    <subfield code="o">1</subfield>
    <subfield code="q">2017-09-21</subfield>
    <subfield code="r">2018-01-10 00:00:00</subfield>
    <subfield code="t">BOOK</subfield>
    <subfield code="w">ddc</subfield>
    <subfield code="y">3</subfield>
  </datafield>
  <datafield tag="952" ind1=" " ind2=" ">
    <subfield code="1">0</subfield>
    <subfield code="2">2013-11-12</subfield>
    <subfield code="4">0</subfield>
    <subfield code="7">0</subfield>
    <subfield code="a">005.1 IAI</subfield>
    <subfield code="d">2013-11-12</subfield>
    <subfield code="h">CL</subfield>
    <subfield code="i">00651107</subfield>
    <subfield code="m">CL</subfield>
    <subfield code="o">1</subfield>
    <subfield code="q">2019-10-08</subfield>
    <subfield code="r">2021-03-29 00:00:00</subfield>
    <subfield code="t">BOOK</subfield>
    <subfield code="w">ddc</subfield>
    <subfield code="y">5</subfield>
  </datafield>
  <datafield tag="952" ind1=" " ind2=" ">
    <subfield code="1">0</subfield>
    <subfield code="2">2013-11-12</subfield>
    <subfield code="4">0</subfield>
    <subfield code="7">0</subfield>
    <subfield code="a">005.1 IAI</subfield>
    <subfield code="d">2013-11-12</subfield>
    <subfield code="h">SZM</subfield>
    <subfield code="i">00651108</subfield>
    <subfield code="m">SZM</subfield>
    <subfield code="r">2013-11-12 00:00:00</subfield>
    <subfield code="t">BOOK</subfield>
    <subfield code="w">ddc</subfield>
    <subfield code="y">0</subfield>
  </datafield>
  <datafield tag="952" ind1=" " ind2=" ">
    <subfield code="1">0</subfield>
    <subfield code="2">2013-11-12</subfield>
    <subfield code="4">0</subfield>
    <subfield code="7">0</subfield>
    <subfield code="a">005.1 IAI</subfield>
    <subfield code="d">2013-11-12</subfield>
    <subfield code="h">EZF</subfield>
    <subfield code="i">00651109</subfield>
    <subfield code="m">SZM</subfield>
    <subfield code="q">2017-07-10</subfield>
    <subfield code="r">2017-12-07 00:00:00</subfield>
    <subfield code="t">BOOK</subfield>
    <subfield code="w">ddc</subfield>
    <subfield code="y">1</subfield>
  </datafield>
  <datafield tag="952" ind1=" " ind2=" ">
    <subfield code="1">0</subfield>
    <subfield code="2">2013-11-12</subfield>
    <subfield code="4">0</subfield>
    <subfield code="7">0</subfield>
    <subfield code="a">005.1 IAI</subfield>
    <subfield code="d">2013-11-12</subfield>
    <subfield code="h">SZM</subfield>
    <subfield code="i">00651110</subfield>
    <subfield code="m">SZM</subfield>
    <subfield code="q">2014-01-26</subfield>
    <subfield code="r">2014-02-03 00:00:00</subfield>
    <subfield code="t">BOOK</subfield>
    <subfield code="w">ddc</subfield>
    <subfield code="y">1</subfield>
  </datafield>
  <datafield tag="952" ind1=" " ind2=" ">
    <subfield code="1">0</subfield>
    <subfield code="2">2014-07-07</subfield>
    <subfield code="4">0</subfield>
    <subfield code="7">0</subfield>
    <subfield code="a">005.1 IAI</subfield>
    <subfield code="d">2014-07-07</subfield>
    <subfield code="h">SHF</subfield>
    <subfield code="i">00652285</subfield>
    <subfield code="m">SHF</subfield>
    <subfield code="r">2014-07-07 00:00:00</subfield>
    <subfield code="t">BOOK</subfield>
    <subfield code="w">ddc</subfield>
    <subfield code="y">0</subfield>
  </datafield>
  <datafield tag="952" ind1=" " ind2=" ">
    <subfield code="1">0</subfield>
    <subfield code="2">2014-07-07</subfield>
    <subfield code="4">0</subfield>
    <subfield code="7">0</subfield>
    <subfield code="a">005.1 IAI</subfield>
    <subfield code="d">2014-07-07</subfield>
    <subfield code="h">SHF</subfield>
    <subfield code="i">00652286</subfield>
    <subfield code="m">SHF</subfield>
    <subfield code="r">2014-07-07 00:00:00</subfield>
    <subfield code="t">BOOK</subfield>
    <subfield code="w">ddc</subfield>
    <subfield code="y">0</subfield>
  </datafield>
  <datafield tag="952" ind1=" " ind2=" ">
    <subfield code="1">0</subfield>
    <subfield code="2">2014-07-07</subfield>
    <subfield code="4">0</subfield>
    <subfield code="7">0</subfield>
    <subfield code="a">005.1 IAI</subfield>
    <subfield code="d">2014-07-07</subfield>
    <subfield code="h">SHM</subfield>
    <subfield code="i">00652282</subfield>
    <subfield code="m">SHM</subfield>
    <subfield code="r">2014-07-07 00:00:00</subfield>
    <subfield code="t">BOOK</subfield>
    <subfield code="w">ddc</subfield>
    <subfield code="y">0</subfield>
  </datafield>
  <datafield tag="952" ind1=" " ind2=" ">
    <subfield code="1">0</subfield>
    <subfield code="2">2014-07-07</subfield>
    <subfield code="4">0</subfield>
    <subfield code="7">0</subfield>
    <subfield code="a">005.1 IAI</subfield>
    <subfield code="d">2014-07-07</subfield>
    <subfield code="h">SHM</subfield>
    <subfield code="i">00652283</subfield>
    <subfield code="m">SHM</subfield>
    <subfield code="r">2014-07-07 00:00:00</subfield>
    <subfield code="t">BOOK</subfield>
    <subfield code="w">ddc</subfield>
    <subfield code="y">0</subfield>
  </datafield>
  <datafield tag="952" ind1=" " ind2=" ">
    <subfield code="1">0</subfield>
    <subfield code="2">2014-07-07</subfield>
    <subfield code="4">0</subfield>
    <subfield code="7">0</subfield>
    <subfield code="a">005.1 IAI</subfield>
    <subfield code="d">2014-07-07</subfield>
    <subfield code="h">SHM</subfield>
    <subfield code="i">00652284</subfield>
    <subfield code="m">SHM</subfield>
    <subfield code="r">2014-07-07 00:00:00</subfield>
    <subfield code="t">BOOK</subfield>
    <subfield code="w">ddc</subfield>
    <subfield code="y">0</subfield>
  </datafield>
  <datafield tag="952" ind1=" " ind2=" ">
    <subfield code="1">0</subfield>
    <subfield code="2">2015-10-14</subfield>
    <subfield code="4">0</subfield>
    <subfield code="7">0</subfield>
    <subfield code="a">005.1 IAI</subfield>
    <subfield code="d">2015-10-14</subfield>
    <subfield code="h">AMF</subfield>
    <subfield code="i">00654360</subfield>
    <subfield code="m">AMF</subfield>
    <subfield code="r">2015-10-14 00:00:00</subfield>
    <subfield code="t">BOOK</subfield>
    <subfield code="w">ddc</subfield>
    <subfield code="y">0</subfield>
  </datafield>
</record>
